000 01006cab a22002175a 4500
001 L152264
008 110215e20110212xxk 000 0 eng d
035 _a(Sirsi) u152264
041 0 _aeng
100 1 _aThame, David
245 0 0 _aFocus
_hKent
260 _c2011
490 _aEstates Gazette
_v(1106) 12 February 2011, 73-82(6)
520 _aBluewater Shopping Centre, Fremlin Walk in Maidstone and Pantiles Centre in Tunbridge facing competition and a fall in rents due to drop in occupiers. Proposed development schemes include Spenhill, Tesco's development arm for the regeneration of Sittingbourne and Edinburgh House Estate's Gravesen's Heritage Quarter. Take up, availability and rents for offices, industrial and retail in Ashford, Bromley, Dartford, Maidstone, Sevenoaks and Tunbridge Wells.
590 _aKA
651 4 _aUnited Kingdom
_y
690 _aPROPERTY-COMMERCIAL PROPERTY-COMMERCIAL PROPERTY MARKET
700 1 _aRobson, Claire
700 1 _aCunningham, David
942 _n0
999 _c82922
_d82922